[Event "Kaluga Tsiolkovsky Memorial op"]
[Site "Kaluga"]
[Date "2012.08.03"]
[Round "5"]
[White "Stepanov, Igor"]
[Black "Shon, Vitaly"]
[Result "0-1"]
[WhiteElo "2040"]
[BlackElo "1927"]
[PlyCount "79"]
[EventDate "2012.07.30"]
[EventType "swiss"]
[EventRounds "9"]
[EventCountry "RUS"]
[SourceTitle "EXT 2014"]
[Source "ChessBase"]
[SourceDate "2013.11.20"]
[SourceVersion "1"]
[SourceVersionDate "2013.11.20"]
[SourceQuality "1"]

1. d4 g6 2. c4 Nf6 3. Nc3 d5 4. cxd5 Nxd5 5. e4 Nxc3 6. bxc3 Bg7 7. Be3 0-0 8. Bc4 c5 9. Ne2 cxd4 10. cxd4 Nc6 11. 0-0 Bd7 12. Rb1 Na5 13. Bd5 e6 14. Bb3 Nxb3 15. Qxb3 b6 16. Rfd1 Qe7 17. Nc3 Rfc8 18. e5 Bc6 19. f4 Bf8 20. d5 exd5 21. Nxd5 Bxd5 22. Rxd5 Rd8 23. Rbd1 Rxd5 24. Qxd5 Rc8 25. a4 Qa3 26. Rd3 Rc3 27. Rxc3 Qxc3 28. Kf2 Qc2+ 29. Kf3 Qxa4 30. g4 Qa1 31. Kg2 Qb2+ 32. Bf2 h6 33. f5 gxf5 34. gxf5 Bc5 35. e6 Qxf2+ 36. Kh3 Qe3+ 37. Kg2 Qg5+ 38. Kf3 Qe7 39. Ke2 fxe6 40. fxe6 0-1

[Event "Moscow op-B"]
[Site "Moscow"]
[Date "2009.02.08"]
[Round "9"]
[White "Stepanov, Igor"]
[Black "Klyuev, Alexander S"]
[Result "1-0"]
[WhiteElo "2044"]
[BlackElo "1755"]
[PlyCount "51"]
[EventDate "2009.01.31"]
[EventType "swiss"]
[EventRounds "9"]
[EventCountry "RUS"]
[SourceTitle "EXT 2012"]
[Source "ChessBase"]
[SourceDate "2011.11.24"]
[SourceVersion "1"]
[SourceVersionDate "2011.11.24"]
[SourceQuality "1"]

1. d4 d5 2. c4 e6 3. e3 Nf6 4. a3 a5 5. b3 c6 6. Nf3 Bd6 7. Bb2 Nbd7 8. Bd3 0-0 9. Nbd2 Qe7 10. Ne5 Bc7 11. f4 Ne8 12. 0-0 f6 13. Nxd7 Bxd7 14. e4 f5 15. e5 Kh8 16. Nf3 Rd8 17. c5 b6 18. b4 Rb8 19. Ng5 g6 20. Rf3 Kg7 21. Rh3 Rh8 22. g4 h6 23. gxf5 hxg5 24. Rxh8 Kxh8 25. fxg6 Ng7 26. Qg4 1-0

[Event "Moscow op-B"]
[Site "Moscow"]
[Date "2009.02.04"]
[Round "5"]
[White "Stepanov, Igor"]
[Black "Ivanets, Vladimir"]
[Result "0-1"]
[WhiteElo "2044"]
[BlackElo "2223"]
[PlyCount "80"]
[EventDate "2009.01.31"]
[EventType "swiss"]
[EventRounds "9"]
[EventCountry "RUS"]
[SourceTitle "EXT 2012"]
[Source "ChessBase"]
[SourceDate "2011.11.24"]
[SourceVersion "1"]
[SourceVersionDate "2011.11.24"]
[SourceQuality "1"]

1. d4 b5 2. a4 b4 3. c4 Nf6 4. f3 e6 5. e4 d6 6. Ne2 Be7 7. Be3 Nbd7 8. Nd2 c5 9. Nb3 0-0 10. a5 a6 11. Qd2 Qc7 12. d5 exd5 13. exd5 Re8 14. Ng3 g6 15. Be2 Bf8 16. Bh6 Bg7 17. Bxg7 Kxg7 18. h4 h5 19. Qf4 Nf8 20. Ne4 Nxe4 21. fxe4 Qe7 22. 0-0 Ra7 23. Bd3 Bg4 24. g3 Nd7 25. Rf2 Ne5 26. Bf1 Rf8 27. Nd2 Raa8 28. Qe3 Rae8 29. Bg2 f5 30. b3 Nf7 31. Qf4 Ne5 32. Qe3 Qd8 33. Ra2 Rf6 34. Rf4 Ref8 35. exf5 gxf5 36. Rf1 R6f7 37. Nf3 Bxf3 38. Bxf3 f4 39. gxf4 Rxf4 40. Rg2+ Ng4 0-1

[Event "Moscow op-B"]
[Site "Moscow"]
[Date "2009.02.01"]
[Round "3"]
[White "Stepanov, Igor"]
[Black "Radjanets, Andrey"]
[Result "1-0"]
[WhiteElo "2044"]
[BlackElo "1400"]
[PlyCount "72"]
[EventDate "2009.01.31"]
[EventType "swiss"]
[EventRounds "9"]
[EventCountry "RUS"]
[SourceTitle "EXT 2012"]
[Source "ChessBase"]
[SourceDate "2011.11.24"]
[SourceVersion "1"]
[SourceVersionDate "2011.11.24"]
[SourceQuality "1"]

1. d4 Nf6 2. c4 e6 3. Nf3 d5 4. e3 c6 5. Nbd2 Nbd7 6. b3 Be7 7. Bb2 0-0 8. Bd3 a6 9. 0-0 b5 10. Re1 Bb4 11. a3 Ba5 12. Rc1 Re8 13. Qc2 Bb7 14. c5 Qe7 15. b4 Bc7 16. Ne5 g6 17. f4 Bxe5 18. dxe5 Nh5 19. g4 Ng7 20. g5 a5 21. Bc3 axb4 22. axb4 Ra4 23. Ra1 Rea8 24. Rxa4 Rxa4 25. Ra1 Nxc5 26. bxc5 Qxc5 27. Rxa4 Qxe3+ 28. Kg2 bxa4 29. Nf1 Qxf4 30. Qd2 Qg4+ 31. Kf2 d4 32. Bb4 c5 33. Bxc5 Nh5 34. Ke1 Nf4 35. Be2 Nxe2 36. Qxe2 Bf3 1-0

[Event "Moscow op-B 04th"]
[Site "Moscow"]
[Date "2008.02.06"]
[Round "5"]
[White "Stepanov, Igor"]
[Black "Basencyan, Mark"]
[Result "1-0"]
[WhiteElo "2073"]
[BlackElo "1823"]
[PlyCount "32"]
[EventDate "2008.02.02"]
[EventType "swiss"]
[EventRounds "9"]
[EventCountry "RUS"]
[SourceTitle "CBM 122 Extra"]
[Source "ChessBase"]
[SourceDate "2008.03.04"]
[SourceVersion "1"]
[SourceVersionDate "2008.03.04"]
[SourceQuality "1"]

1. d4 Nf6 2. c4 g6 3. f3 Bg7 4. e4 d6 5. Nc3 0-0 6. Be3 Nbd7 7. Qd2 e5 8. d5 a6 9. Nge2 Ne8 10. g4 f5 11. Bg5 Ndf6 12. gxf5 gxf5 13. Ng3 f4 14. Nh5 Rf7 15. Rg1 Qd7 16. Nxf6+ Nxf6 1-0

[Event "RUS Central Region-ch"]
[Site "Tula "]
[Date "2007.03.22"]
[Round "6"]
[White "Chuzhakin, Evgeny"]
[Black "Stepanov, Igor"]
[Result "1-0"]
[WhiteElo "2204"]
[BlackElo "2069"]
[PlyCount "125"]
[EventDate "2007.03.17"]
[EventType "swiss"]
[EventRounds "9"]
[EventCountry "RUS"]
[SourceTitle "EXT 2008"]
[Source "ChessBase"]
[SourceDate "2007.11.25"]
[SourceVersion "1"]
[SourceVersionDate "2007.11.25"]
[SourceQuality "1"]

1. f4 e5 2. d3 Nc6 3. e4 d5 4. exd5 Qxd5 5. Nf3 Bg4 6. Be2 e4 7. dxe4 Qxe4 8. 0-0 Bc5+ 9. Kh1 Nge7 10. Nc3 Qg6 11. Bd3 Qh5 12. Ne4 Bb6 13. Ng3 Qc5 14. h3 Bxf3 15. Qxf3 0-0-0 16. c3 Kb8 17. a4 a5 18. Rb1 f5 19. Bb5 g6 20. b4 axb4 21. cxb4 Nxb4 22. Ba3 Ned5 23. Qb3 Ba5 24. Bc4 Qe3 25. Bxd5 Qxb3 26. Bxb3 Rd3 27. Bxb4 Bxb4 28. Bc4 Rxg3 29. Rxb4 Rd8 30. Rfb1 b6 31. a5 Rd4 32. Be2 Rxb4 33. Rxb4 Re3 34. Bf3 Ka7 35. axb6+ cxb6 36. Ra4+ Kb8 37. Ra8+ Kc7 38. Ra7+ Kd6 39. Rxh7 b5 40. Kg1 b4 41. Kf2 Re6 42. Rb7 Kc5 43. Be2 Re4 44. g3 Kc6 45. Rb8 Kc7 46. Rb5 Kc6 47. Bf1 Kc7 48. Bg2 Rc4 49. h4 Rc2+ 50. Kg1 Rc1+ 51. Kh2 Rc4 52. Kh3 Rd4 53. h5 gxh5 54. Kh4 Rd2 55. Bf3 Rd3 56. Bxh5 b3 57. Bg6 Kc6 58. Rb4 Kc5 59. Rb8 Kc4 60. Bf7+ Kd4 61. Rd8+ Ke3 62. Rxd3+ Kxd3 63. Bxb3 1-0

[Event "RUS-ch Seniors"]
[Site "Zvenigorod"]
[Date "2005.11.28"]
[Round "1"]
[White "Bojarinov, Victor A"]
[Black "Stepanov, Igor"]
[Result "1-0"]
[WhiteElo "2300"]
[BlackElo "2059"]
[PlyCount "91"]
[EventDate "2005.11.28"]
[EventType "swiss"]
[EventRounds "7"]
[EventCountry "RUS"]
[SourceTitle "EXT 2007"]
[Source "ChessBase"]
[SourceDate "2006.11.23"]
[SourceVersion "1"]
[SourceVersionDate "2006.11.23"]
[SourceQuality "1"]

1. e4 d5 2. exd5 Qxd5 3. Nc3 Qa5 4. Bc4 Nf6 5. d4 c6 6. Bd2 Qb6 7. Nf3 Bf5 8. 0-0 e6 9. Re1 Be7 10. a4 a5 11. h3 h6 12. Bb3 Nbd7 13. Qe2 g5 14. Rad1 0-0-0 15. Ne5 Nxe5 16. dxe5 Nd7 17. Ne4 Nc5 18. Nd6+ Bxd6 19. exd6 Ne4 20. Be3 c5 21. f3 Nf6 22. Qc4 Nd7 23. Rd2 Kb8 24. Bf2 h5 25. Qb5 Qxb5 26. axb5 b6 27. g4 hxg4 28. hxg4 Bg6 29. Kg2 Rh7 30. Be3 Rdh8 31. Bg1 Kc8 32. c3 Nf8 33. Bc4 Kd7 34. b4 cxb4 35. cxb4 a4 36. Ra1 Bc2 37. Rxc2 Ng6 38. Rd2 Nf4+ 39. Kf1 Rh3 40. Kf2 Rh1 41. Bf1 Nd5 42. Rxa4 Kxd6 43. Bc4 Ke5 44. Bxd5 exd5 45. Ra6 f5 46. Rxb6 1-0

[Event "RUS Central Region-ch"]
[Site "Tula"]
[Date "2004.03.15"]
[Round "2"]
[White "Grishchenko, Sergey"]
[Black "Stepanov, Igor"]
[Result "1-0"]
[WhiteElo "2282"]
[BlackElo "2069"]
[PlyCount "65"]
[EventDate "2004.03.14"]
[EventType "swiss"]
[EventRounds "9"]
[EventCountry "RUS"]
[SourceTitle "EXT 2005"]
[Source "ChessBase"]
[SourceDate "2004.11.15"]
[SourceVersion "1"]
[SourceVersionDate "2004.11.15"]
[SourceQuality "1"]

1. d4 d5 2. c4 c6 3. Nc3 e6 4. Nf3 f5 5. Bf4 Nf6 6. e3 Be7 7. Be2 0-0 8. Qc2 Kh8 9. h3 a6 10. c5 Ne4 11. h4 Nd7 12. a3 Ndf6 13. Na4 Nd7 14. Bd3 Qe8 15. Ne5 Nef6 16. 0-0-0 Nxe5 17. dxe5 Nd7 18. g4 g6 19. Rdg1 Rb8 20. Rg2 b5 21. cxb6 c5 22. gxf5 gxf5 23. Bh6 Rf7 24. Be2 Bb7 25. Bh5 Nxe5 26. Bxf7 Qxf7 27. Bg7+ Qxg7 28. Rxg7 Kxg7 29. Rg1+ Kf7 30. Qe2 Ng6 31. f4 Bc6 32. h5 Nf8 33. Qc2 1-0

[Event "RUS-ch sf"]
[Site "Tula"]
[Date "2003.??.??"]
[Round "9"]
[White "Gurin, Anatolij"]
[Black "Stepanov, Igor"]
[Result "1-0"]
[WhiteElo "2170"]
[BlackElo "2097"]
[PlyCount "95"]
[EventDate "2003.03.??"]
[EventType "swiss"]
[EventRounds "9"]
[EventCountry "RUS"]
[SourceTitle "EXT 2004"]
[Source "ChessBase"]
[SourceDate "2003.11.25"]
[SourceVersion "1"]
[SourceVersionDate "2003.11.25"]
[SourceQuality "1"]

1. d4 f5 2. e4 fxe4 3. f3 e3 4. Bxe3 e6 5. Bd3 Be7 6. Nd2 Nf6 7. Ne4 d6 8. c3 Nd5 9. Bd2 0-0 10. Ne2 Bh4+ 11. N4g3 Nc6 12. Qc2 Nf6 13. 0-0-0 Qe7 14. Rde1 Qf7 15. c4 e5 16. d5 Ne7 17. Nc3 Kh8 18. Rd1 Ne8 19. Be3 c6 20. Be4 Bd7 21. Qb3 b6 22. dxc6 Bxc6 23. Nd5 Rc8 24. Kb1 Bd7 25. Rc1 Nc6 26. Qd3 Bxg3 27. hxg3 Bf5 28. g4 Bxe4 29. Qxe4 Nf6 30. Nxf6 gxf6 31. Rh5 Rc7 32. Rch1 Qg8 33. Qd3 Rd7 34. b3 Rff7 35. g5 Ne7 36. gxf6 Qg6 37. Qxg6 Nxg6 38. Rf5 Kg8 39. Rd1 Kf8 40. g3 Ke8 41. Rh1 Ne7 42. Rfh5 Rxf6 43. f4 Ng6 44. f5 Nf8 45. g4 Rg7 46. Bh6 Rg8 47. Bxf8 Rfxf8 48. Rxh7 1-0

[Event "Kaluga Tsiolkovsky Memorial op"]
[Site "Kaluga"]
[Date "2003.??.??"]
[Round "4"]
[White "Ponomariov, Boris"]
[Black "Stepanov, Igor"]
[Result "1/2-1/2"]
[WhiteElo "2472"]
[BlackElo "2097"]
[PlyCount "32"]
[EventDate "2003.??.??"]
[EventType "swiss"]
[EventRounds "9"]
[EventCountry "RUS"]
[SourceTitle "EXT 2005"]
[Source "ChessBase"]
[SourceDate "2004.11.15"]
[SourceVersion "1"]
[SourceVersionDate "2004.11.15"]
[SourceQuality "1"]

1. c4 e5 2. Nc3 f5 3. Nf3 d6 4. d3 c6 5. b4 Nf6 6. b5 Qc7 7. Qb3 Nbd7 8. Ba3 c5 9. Bb2 Be7 10. e3 h6 11. Be2 g5 12. Nd2 0-0 13. e4 f4 14. Nd5 Qd8 15. h3 Rf7 16. Qd1 Rg7 1/2-1/2

[Event "RUS-ch sf"]
[Site "Tula"]
[Date "2003.??.??"]
[Round "3"]
[White "Shkalov, Oleg"]
[Black "Stepanov, Igor"]
[Result "1/2-1/2"]
[WhiteElo "2263"]
[BlackElo "2097"]
[PlyCount "24"]
[EventDate "2003.03.??"]
[EventType "swiss"]
[EventRounds "9"]
[EventCountry "RUS"]
[SourceTitle "EXT 2004"]
[Source "ChessBase"]
[SourceDate "2003.11.25"]
[SourceVersion "1"]
[SourceVersionDate "2003.11.25"]
[SourceQuality "1"]

1. d4 f5 2. c4 e6 3. g3 Nf6 4. Nh3 c6 5. Nf4 d5 6. Nd2 Bd6 7. c5 Bc7 8. Nd3 Nbd7 9. Nf3 0-0 10. Bf4 Ne4 11. Qc1 Bxf4 12. gxf4 Qe8 1/2-1/2

[Event "Kaluga Tsiolkovsky Memorial op"]
[Site "Kaluga"]
[Date "2003.??.??"]
[Round "3"]
[White "Stepanov, Igor"]
[Black "Yagupov, Igor"]
[Result "0-1"]
[WhiteElo "2097"]
[BlackElo "2458"]
[PlyCount "96"]
[EventDate "2003.??.??"]
[EventType "swiss"]
[EventRounds "9"]
[EventCountry "RUS"]
[SourceTitle "EXT 2005"]
[Source "ChessBase"]
[SourceDate "2004.11.15"]
[SourceVersion "1"]
[SourceVersionDate "2004.11.15"]
[SourceQuality "1"]

1. d4 c5 2. Nf3 cxd4 3. Qxd4 Nc6 4. Qa4 d6 5. e4 Bd7 6. c3 Nf6 7. Nbd2 a6 8. Qd1 g6 9. Bd3 Bg7 10. Qe2 Qc7 11. 0-0 0-0 12. Re1 d5 13. h3 e5 14. exd5 Nxd5 15. Nf1 h6 16. Bc4 Nb6 17. Bb3 Rae8 18. Ne3 e4 19. Nd2 Kh8 20. Ndc4 Nxc4 21. Qxc4 Be6 22. Qa4 Bxb3 23. Qxb3 f5 24. Nd5 Qf7 25. Nf4 g5 26. Qxf7 Rxf7 27. Nh5 Bf8 28. Be3 Kh7 29. Rad1 Kg6 30. g4 Ne5 31. Re2 fxg4 32. hxg4 Nxg4 33. Ng3 Nxe3 34. fxe3 h5 35. Rd4 Rfe7 36. Rf2 Re5 37. Nxe4 Rxe4 38. Rxe4 Rxe4 39. Rxf8 Rxe3 40. Rb8 Re2 41. Rxb7 h4 42. a4 h3 43. b4 g4 44. Rb8 Kg5 45. b5 axb5 46. axb5 h2+ 47. Kh1 Kh4 48. Rd8 Kh3 0-1

[Event "Kaluga Tsiolkovsky Memorial op"]
[Site "Kaluga"]
[Date "2003.??.??"]
[Round "1"]
[White "Stepanov, Igor"]
[Black "Zaitsev, Alexander"]
[Result "0-1"]
[WhiteElo "2097"]
[BlackElo "2355"]
[PlyCount "111"]
[EventDate "2003.??.??"]
[EventType "swiss"]
[EventRounds "9"]
[EventCountry "RUS"]
[SourceTitle "EXT 2005"]
[Source "ChessBase"]
[SourceDate "2004.11.15"]
[SourceVersion "1"]
[SourceVersionDate "2004.11.15"]
[SourceQuality "1"]

1. d4 Nf6 2. Nf3 g6 3. c4 Bg7 4. Nc3 d5 5. e3 0-0 6. Bd3 c5 7. 0-0 cxd4 8. exd4 Nc6 9. Be3 Bg4 10. Be2 dxc4 11. Qa4 Rc8 12. Rfd1 Nd7 13. Qxc4 Nxd4 14. Qa4 Bxf3 15. Bxf3 e5 16. Bxd4 exd4 17. Nb5 Nc5 18. Qxa7 Qd7 19. a4 Qe7 20. b4 Ne6 21. Bxb7 Rb8 22. Bd5 Qxb4 23. Rab1 Qc5 24. Bxe6 Qxa7 25. Nxa7 Rxb1 26. Rxb1 fxe6 27. Nc6 Kf7 28. Rb7+ Kf6 29. Kf1 e5 30. f4 exf4 31. Nxd4 Ra8 32. Rb4 g5 33. h3 Ra6 34. Ke2 h5 35. Kf3 Kg6 36. Rc4 Kh7 37. Ke4 Rf6 38. Rc3 g4 39. hxg4 hxg4 40. a5 Rf7 41. Rc6 Bh6 42. Nf5 Bg5 43. a6 f3 44. gxf3 gxf3 45. Rb6 f2 46. Rb1 Kg6 47. Rb6+ Kh7 48. Rb1 Kg6 49. Rb6+ Kh5 50. Ng3+ Kg4 51. Nf1 Re7+ 52. Kd3 Kf3 53. Rg6 Rd7+ 54. Kc4 Bh4 55. Kb5 Ke2 56. Nh2 0-1

[Event "Tula Suetin Memorial op"]
[Site "Tula"]
[Date "2002.03.29"]
[Round "7"]
[White "Ovsiannikov, Maxim"]
[Black "Stepanov, Igor"]
[Result "1-0"]
[WhiteElo "2129"]
[BlackElo "2190"]
[PlyCount "70"]
[EventDate "2002.03.23"]
[EventType "swiss"]
[EventRounds "9"]
[EventCountry "RUS"]
[SourceTitle "CBM 087 Extra"]
[Source "ChessBase"]
[SourceDate "2002.05.03"]
[SourceVersion "2"]
[SourceVersionDate "2002.08.09"]
[SourceQuality "1"]

1. c4 e5 2. Nc3 f5 3. g3 c6 4. Bg2 Nf6 5. e3 d6 6. Nge2 Be7 7. d4 e4 8. Nf4 g5 9. Nh3 h6 10. Ng1 d5 11. cxd5 cxd5 12. h4 Rg8 13. hxg5 hxg5 14. Qb3 Nc6 15. Bf1 a6 16. Be2 b5 17. Bd2 Na5 18. Qd1 Nc4 19. b3 Nxd2 20. Kxd2 Qa5 21. a4 Bb4 22. Qc1 bxa4 23. Rxa4 Qb6 24. Rh6 Ke7 25. Kd1 Be6 26. Ra2 Rgc8 27. Rc2 Bxc3 28. Rxc3 Rxc3 29. Qxc3 Rc8 30. Qb2 Qb4 31. Qa2 Bd7 32. Bxa6 f4 33. Bxc8 Bxc8 34. Qa7+ Kd8 35. Rh8+ Ne8 1-0